00993nam a22001097a 4500008004100000100002600041245004300067260003500110300003500145520066800180773003500848230609b ||||| |||| 00| 0 eng d aAkbar, Prottoy et al  aMobility and congestion in Urban India aThe American Economic Review  a113(4), Apr, 2023: p.1083-1111 aWe develop a methodology to estimate robust city-level vehicular speed indices, exactly decomposable into uncongested speed and congestion. We apply it to 180 Indian cities using 57 million simulated trips measured by a web mapping service. We verify the reliability of our simulated trips using a number of alternative data sources, including data on actual trips. We find wide variation in speed across cities that is driven more by differences in uncongested speed than congestion. Denser and more populated cities are slower, only in part because of congestion. Urban economic development is correlated with faster speed despite worse congestion.- Reproduced  aThe American Economic Review